| 000 | 00537nam a2200169 a 4500 | ||
|---|---|---|---|
| 005 | 20140412111300.0 | ||
| 008 | 010327s19uu xx 00 eng d | ||
| 020 | _a0-684-83215-1 | ||
| 050 |
_aM 006.6 _bB86 1997 |
||
| 100 | _aBundensen, Lynne | ||
| 245 |
_aClick! : _b101 computer activities and art projects for kids and grown-up / _cLynne Bundensen ; Kristin Marks and Hannah Hoel. |
||
| 260 |
_aNew York : _bFireside, _c1997. |
||
| 300 | _a254 p. ; ill. | ||
| 650 | _aComputer graphics | ||
| 650 | _aComputer art | ||
| 999 |
_c103349 _d103349 |
||